000 00760 a2200181 4500
020 _a8131504131
020 _a9788131504130
090 _c2607
_d2607
100 1 _aShone, Anton.
245 1 0 _aSuccessful event management /
_cAnton Shone.
260 _a[S.l.] :
_bThomson Press (India) Ltd,
_c2007.
300 _a200 p.
500 _aPaperback.
520 _aThis is the essential guide for anyone who needs to know how to organize a special event – a festival, a celebration party, a media launch or an annual fete
856 _3Amazon.com
_uhttp://www.amazon.com/exec/obidos/ASIN/8131504131/chopaconline-2
856 _3Amazon customer reviews
_uhttp://www.chopac.org/cgi-bin/tools/azrev.pl?q=813150413
942 _aNBS
_cBK
_k394.2068 SHO
999 _c345100
_d345100